000 00897nam a2200217 a 4500
003 0
005 20250412083731.0
008 970101s19uu xx 00 eng d
050 _aPGS HQ 784.P6
_b.M684 2004
100 _aMitsuhashi, Aya D.
245 _aThe effects of having brand new handy phone on the lifestyle of grade six students of Southville International School and Colleges /
_cAya D. Mitsuhashi.
260 _aLas PiƱas City, Philippines :
_bSouthville International School and Colleges,
_c2004.
300 _a17 pages :
_billustrations ;
_c28 cm.
504 _aIncludes bibliographical references.
650 _aCell phones and children.
650 _aChildren
_vSocial life and customs.
650 _aMobile communication systems
_vSocial aspects.
650 _aChildren
_vConduct of life.
650 _aChildren
_vEffect of technological innovations on.
942 _2lcc
_cPASS
999 _c97026
_d97026